000 00411nam a2200157 4500
999 _c510551
_d510551
008 190822b ||||| |||| 00| 0 eng d
100 _aHassan, Sharika
_98738
245 _aRisk perception of mutual fund investors
260 _c2019
300 _ap.60-69.
650 _aMutual fund
_98739
700 _aFazili, Asif Iqbal
_98740
773 _aAbhigyan
906 _aInvestments - India
942 _2ddc
_cAR